[Event "Oskarja Memorial 10th"]
[Site "Chess.com INT"]
[Date "2021.01.16"]
[Round "2"]
[White "Buljic, Semir"]
[Black "Saina, Ivan"]
[Result "1/2-1/2"]
[WhiteElo "1703"]
[BlackElo "1399"]
[PlyCount "163"]
[EventDate "2021.01.16"]
[EventType "swiss (blitz)"]
[EventRounds "15"]
[EventCountry "SLO"]
[SourceTitle "CBM 200 Extra"]
[Source "ChessBase"]
[SourceDate "2021.03.31"]
[SourceVersion "1"]
[SourceVersionDate "2021.03.31"]
[SourceQuality "1"]

1. d4 d5 2. e3 Bf5 3. Bd3 Bxd3 4. Qxd3 e6 5. f4 Nf6 6. Nd2 Nbd7 7. Ngf3 c5 8. c3 Be7 9. 0-0 0-0 10. Ne5 Nxe5 11. fxe5 Nd7 12. e4 dxe4 13. Nxe4 cxd4 14. cxd4 f6 15. exf6 Nxf6 16. Nxf6+ Bxf6 17. Be3 Qd7 18. Rad1 Rad8 19. Rf3 Qd6 20. Rh3 g6 21. Qb5 Rd7 22. Rf3 a6 23. Qb3 Kg7 24. Bf4 Qd5 25. Rh3 Qxb3 26. Rxb3 Kg8 27. Rbd3 Rfd8 28. Be3 Kg7 29. Kf2 Kf7 30. Kf3 Ke7 31. Ke4 Kf7 32. b3 b5 33. d5 Ke7 34. Bc5+ Kf7 35. d6 Kg7 36. h3 h5 37. g4 hxg4 38. hxg4 Rh8 39. Bb6 Rh4 40. Kf4 e5+ 41. Kg3 g5 42. Bc7 Rh6 43. a4 bxa4 44. bxa4 Bd8 45. Bxd8 Rxd8 46. d7 Kf7 47. Rd6 Rxd6 48. Rxd6 Ke7 49. Rxa6 Rxd7 50. Kf3 Kf7 51. Ke4 Rd4+ 52. Kxe5 Rxg4 53. Kf5 Rg1 54. Ra7+ Kf8 55. Kf6 Ke8 56. Ra8+ Kd7 57. Ra7+ Kc6 58. Ra6+ Kb7 59. Ra5 Rf1+ 60. Kxg5 Re1 61. Kf4 Rd1 62. Ke3 Rc1 63. Kd2 Rc7 64. Kd3 Kc8 65. Kd4 Kd8 66. Rc5 Kc8 67. Rxc7+ Kxc7 68. Kc5 Kb7 69. Kb5 Ka7 70. Ka5 Ka8 71. Kb5 Ka7 72. a5 Ka8 73. Ka4 Ka7 74. Kb4 Ka8 75. Kb5 Ka7 76. a6 Ka8 77. Ka5 Ka7 78. Kb5 Ka8 79. Ka4 Ka7 80. Ka5 Ka8 81. Kb4 Ka7 82. Kb5 1/2-1/2

[Event "Oskarja Memorial 10th"]
[Site "Chess.com INT"]
[Date "2021.01.16"]
[Round "12"]
[White "Novak, Biserka"]
[Black "Saina, Ivan"]
[Result "0-1"]
[WhiteElo "1190"]
[BlackElo "1399"]
[PlyCount "78"]
[EventDate "2021.01.16"]
[EventType "swiss (blitz)"]
[EventRounds "15"]
[EventCountry "SLO"]
[SourceTitle "CBM 200 Extra"]
[Source "ChessBase"]
[SourceDate "2021.03.31"]
[SourceVersion "1"]
[SourceVersionDate "2021.03.31"]
[SourceQuality "1"]

1. e4 e5 2. Nf3 Nf6 3. Nc3 d6 4. d4 exd4 5. Nxd4 Bd7 6. Bd3 Nc6 7. Nxc6 Bxc6 8. 0-0 Be7 9. Bg5 0-0 10. Re1 Qd7 11. h3 a6 12. Bxf6 Bxf6 13. Re3 Rfe8 14. Qe2 Bd4 15. Rg3 Re7 16. Qg4 Qxg4 17. Rxg4 Rae8 18. Kh2 Bxc3 19. bxc3 Bxe4 20. Re1 Bxd3 21. Rxe7 Rxe7 22. cxd3 g6 23. Re4 Rxe4 24. dxe4 Kg7 25. Kg3 Kf6 26. Kf3 Ke5 27. Ke3 g5 28. g3 f5 29. exf5 Kxf5 30. f3 c5 31. a3 b5 32. Kd3 a5 33. Ke3 h5 34. Kd3 g4 35. h4 gxf3 36. Ke3 Kg4 37. Kf2 b4 38. axb4 axb4 39. cxb4 cxb4 0-1